000 00744nam a2200253Ia 4500
003 OSt
005 20221007080452.0
006 a|||||r|||| 00| 0
007 ta
008 221006b |||||||| |||| 00| 0 eng d
024 _a43,133
037 _cTextual
040 _aFLL
_cFLL
_beng
041 _2eng
_aeng
082 _aY15:45:(Z2), Q3
100 _aNalwa Suman
_9311786
245 0 _aLaw relating to dowry, Dowry death, cruelty to women & domestic violence
250 _a2nd
260 _aNew Delhi
_bUniversal law publishing co.pvt. ltd. India
_c2013
300 _a668 lxxxiii
_ccm.
700 _a Kohli Hari Dev
942 _hY15:45:(Z2), Q3
_cTEXL
_2CC
999 _c1159740
_d1159740